书目信息 |
| 题名: |
英语国家史略
|
|
| 作者: | Churchill , 丘吉尔 著 ;薛力敏 , 林林 译 | |
| 分册: | 下 | |
| 出版信息: | 北京 新华出版社 1985 |
|
| 页数: | 618页 | |
| 开本: | 20cm | |
| 丛书名: | ||
| 单 册: | ||
| 中图分类: | K561.0 | |
| 科图分类: | ||
| 主题词: | 世界史 , 西欧--历史 | |
| 电子资源: | ||
| ISBN: | ||
| 000 | 00906nam0 2200301 45 | |
| 001 | 0185015765 | |
| 005 | 20061115093340.50 | |
| 010 | @dCNY6.60(2册) | |
| 091 | @aCN@b11203.042 | |
| 100 | @a19901008d1985 em y0chiy0121 ea | |
| 101 | 1 | @achi@ceng |
| 102 | @aCN@b110000 | |
| 105 | @ac z 000yy | |
| 200 | 10 | @a英语国家史略@f(英)丘吉尔(Churchill, W.S.)著@h下@g薛力敏, 林林译@Aying yu guo jia shi lue |
| 210 | @a北京@c新华出版社@d1985 | |
| 215 | @a618页@c照片@d20cm | |
| 300 | @a书名原文: A history of the english-speaking peoples | |
| 510 | 1 | @aA history of the english-speaking peoples@zeng |
| 606 | @a世界史 | |
| 606 | 0 | @a西欧@x历史 |
| 690 | @aK561.0@v3 | |
| 701 | A1 | @aChurchill@bW.S.@4著 |
| 701 | 1 | @a丘吉尔@bW.S.@4著@Aqiu ji er |
| 702 | 0 | @a薛力敏@4译@Axue li min |
| 702 | 0 | @a林林@4译@Alin lin |
| 801 | 2 | @aCN@bNLC@c20061115 |
| 801 | 0 | @aCN@bTSSF |
| 905 | @a10447@dK561.0@e15:2 | |
| 英语国家史略/(英)丘吉尔(Churchill, W.S.)著.下/薛力敏, 林林译.-北京:新华出版社,1985 |
| 618页:照片;20cm |
| 书名原文: A history of the english-speaking peoples |
| ISBN :CNY6.60(2册) |
| ● |
| 相关链接 |
|
|
|
|
正题名:英语国家史略
索取号:K561.0/15:2
 
预约/预借
| 序号 | 登录号 | 条形码 | 馆藏地/架位号 | 状态 | 备注 |
| 1 | 0217576 | 202086731 | 第二样本阅览室/ [索取号:K561.0/15:2] | 在馆 |